000 00945nam a22002535i 4500
001 176568
003 ES-MaACL
005 20230906220124.0
008 110124s1954 sp a |||| | spa d
080 _a821.111-22"19"
100 1 _aWilder, Thornton.
_9116830
245 1 0 _aNuestra ciudad
_b: premio Pulitzer 1938 : comedia en tres actos, original y en prosa /
_cThornton Wilder ; adaptada al castellano por José Juan Cadenas.
260 _aMadrid :
_b[s. n.,
_c1954?]
300 _a62 p. ;
_c17 cm.
490 1 _aBiblioteca teatral ;
_v151
500 _aAnteportada ilustrada.
500 _aEstrenada en el Teatro Nacional María Guerrero, de Madrid, el 29 de diciembre de 1944.
500 _aEncuadernado con otros títulos.
597 _aEn el lomo: 150-155.
700 0 _aCadenas, José Juan.
_933383
830 0 _aBiblioteca teatral ;
_v151
_9190120
852 _aES-MaACL
_jE-14126 (151)
_xOlim P-302
999 _c176568
_d176568